| 000 | 01093cam a2200325 i 4500 | ||
|---|---|---|---|
| 999 |
_c200446566 _d64778 |
||
| 001 | 200446566 | ||
| 003 | TR-AnTOB | ||
| 005 | 20240810073811.0 | ||
| 007 | ta | ||
| 008 | 220118s1990 tu 000 0 tur d | ||
| 040 |
_aTR-AnTOB _beng _erda _dTR-AnTOB _cTR-AnTOB |
||
| 041 | 0 | _atur | |
| 050 | 1 | 4 |
_bQD400 _a.K56 1990 |
| 090 |
_aTOBBK QD400 _b.K56 1990 |
||
| 245 | 0 | 0 |
_aKimyasal madde araştırması : _bheterosiklik bileşikler / _cBaşbakanlık Devlet Planlama Teşkilatı (DPT) Müsteşarlık Araştırma Grubu Başkanlığı |
| 250 | _aKasım, 1990 | ||
| 264 | 1 |
_aAnkara : _bTÜMAŞ, _c1990. |
|
| 300 |
_a78 pages : _billustrations ; _c27 cm |
||
| 336 |
_atext _btxt _2rdacontent |
||
| 337 |
_aunmediated _bn _2rdamedia |
||
| 338 |
_avolume _bnc _2rdacarrier |
||
| 650 | 7 |
_aKimya, Teknik _2etuturkob _911987 |
|
| 650 | 7 |
_aMetalurji _2etuturkob _928896 |
|
| 653 | _aHeterocyclic compounds. | ||
| 653 | _aHeterocyclic chemistry. | ||
| 710 | 2 |
_aDevlet Planlama Teşkilatı (Türkiye) _934114 |
|
| 942 |
_2z _cBK |
||